[Event "Turniej Blitza na II Lidze Juniorów 2018"]
[Site "Szczyrk, Poland"]
[Date "2018.07.26"]
[Round "3.52"]
[White "Burdzicki, Stanislaw"]
[Black "Pisarek, Jan"]
[Result "1-0"]
[TimeControl "3'+2\""]
[WhiteElo "1384"]
[BlackElo "1136"]

1. d4 {[%clk 00:03:01]} {[%emt 00:00:03]} Nf6 {[%clk 00:03:02]} {[%emt
00:00:01]} 2. c4 {[%clk 00:03:03]} e6 {[%clk 00:03:03]} {[%emt 00:00:01]} 3.
Nf3 {[%clk 00:03:04]} {[%emt 00:00:01]} c5 {[%clk 00:03:03]} {[%emt 00:00:02]}
4. a3 {[%clk 00:02:56]} {[%emt 00:00:10]} cxd4 {[%clk 00:02:48]} {[%emt
00:00:17]} 5. Nxd4 {[%clk 00:02:56]} {[%emt 00:00:01]} Nc6 {[%clk 00:02:49]}
{[%emt 00:00:02]} 6. Nc3 {[%clk 00:02:54]} {[%emt 00:00:03]} Be7 {[%clk
00:02:45]} {[%emt 00:00:07]} 7. e4 {[%clk 00:02:55]} {[%emt 00:00:02]} O-O
{[%clk 00:02:42]} {[%emt 00:00:04]} 8. Nb3 {[%clk 00:02:54]} {[%emt 00:00:02]}
d6 {[%clk 00:02:31]} {[%emt 00:00:13]} 9. Be2 {[%clk 00:02:54]} {[%emt
00:00:02]} a6 {[%clk 00:02:32]} {[%emt 00:00:01]} 10. O-O {[%clk 00:02:54]}
{[%emt 00:00:02]} Qc7 {[%clk 00:02:31]} {[%emt 00:00:03]} 11. Bf4 {[%clk
00:02:50]} {[%emt 00:00:06]} e5 {[%clk 00:02:16]} {[%emt 00:00:18]} 12. Be3
{[%clk 00:02:51]} Be6 {[%clk 00:02:16]} {[%emt 00:00:02]} 13. Nd5 {[%clk
00:02:51]} {[%emt 00:00:02]} Bxd5 {[%clk 00:02:16]} {[%emt 00:00:02]} 14. cxd5
{[%clk 00:02:51]} Na5 {[%clk 00:01:59]} {[%emt 00:00:19]} 15. Rc1 {[%clk
00:02:53]} Qd8 {[%clk 00:02:00]} {[%emt 00:00:01]} 16. Nd2 {[%clk 00:02:46]}
{[%emt 00:00:09]} Rc8 {[%clk 00:01:54]} {[%emt 00:00:08]} 17. b4 {[%clk
00:02:46]} {[%emt 00:00:02]} Nc6 {[%clk 00:01:27]} {[%emt 00:00:29]} 18. dxc6
{[%clk 00:02:46]} {[%emt 00:00:02]} Rxc6 {[%clk 00:01:28]} 19. Rxc6 {[%clk
00:02:44]} {[%emt 00:00:04]} bxc6 {[%clk 00:01:29]} {[%emt 00:00:01]} 20. Qa4
{[%clk 00:02:37]} {[%emt 00:00:09]} a5 {[%clk 00:01:29]} {[%emt 00:00:02]} 21.
Qxc6 {[%clk 00:02:34]} {[%emt 00:00:05]} axb4 {[%clk 00:01:30]} {[%emt
00:00:02]} 22. axb4 {[%clk 00:02:34]} d5 {[%clk 00:01:27]} {[%emt 00:00:04]} 23.
Bc5 {[%clk 00:02:08]} {[%emt 00:00:28]} Bxc5 {[%clk 00:01:19]} {[%emt
00:00:10]} 24. bxc5 {[%clk 00:02:03]} {[%emt 00:00:07]} dxe4 {[%clk 00:01:18]}
{[%emt 00:00:03]} 25. Nxe4 {[%clk 00:02:03]} {[%emt 00:00:03]} Nxe4 {[%clk
00:01:14]} {[%emt 00:00:06]} 26. Qxe4 {[%clk 00:02:03]} {[%emt 00:00:02]} Qc7
{[%clk 00:01:15]} {[%emt 00:00:01]} 27. Bd3 {[%clk 00:02:00]} {[%emt 00:00:04]}
g6 {[%clk 00:01:15]} {[%emt 00:00:03]} 28. Rc1 {[%clk 00:01:59]} {[%emt
00:00:03]} Rc8 {[%clk 00:01:11]} {[%emt 00:00:05]} 29. c6 {[%clk 00:01:55]}
{[%emt 00:00:07]} Kg7 {[%clk 00:01:08]} {[%emt 00:00:05]} 30. Ba6 {[%clk
00:01:52]} {[%emt 00:00:04]} Rd8 {[%clk 00:01:08]} {[%emt 00:00:03]} 31. Bb7
{[%clk 00:01:52]} {[%emt 00:00:02]} Qd6 {[%clk 00:01:07]} {[%emt 00:00:03]} 32.
g3 {[%clk 00:01:47]} {[%emt 00:00:07]} f5 {[%clk 00:01:06]} {[%emt 00:00:02]}
33. Qa4 {[%clk 00:01:44]} {[%emt 00:00:04]} Qc7 {[%clk 00:01:04]} {[%emt
00:00:05]} 34. Rd1 {[%clk 00:01:28]} {[%emt 00:00:18]} Rxd1+ {[%clk 00:00:56]}
{[%emt 00:00:11]} 35. Qxd1 {[%clk 00:01:30]} {[%emt 00:00:01]} Kf6 {[%clk
00:00:52]} {[%emt 00:00:05]} 36. Qd7 {[%clk 00:01:19]} {[%emt 00:00:12]} Qxd7
{[%clk 00:00:49]} {[%emt 00:00:06]} 37. cxd7 {[%clk 00:01:20]} {[%emt
00:00:01]} Ke7 {[%clk 00:00:49]} {[%emt 00:00:02]} 38. Bc6 {[%clk 00:01:20]}
Kd8 {[%clk 00:00:48]} {[%emt 00:00:03]} 39. h4 {[%clk 00:01:16]} {[%emt
00:00:06]} Ke7 {[%clk 00:00:47]} {[%emt 00:00:03]} 40. Kf1 {[%clk 00:01:18]}
{[%emt 00:00:01]} h6 {[%clk 00:00:41]} {[%emt 00:00:08]} 41. Ke2 {[%clk
00:01:18]} {[%emt 00:00:01]} g5 {[%clk 00:00:42]} {[%emt 00:00:02]} 42. hxg5
hxg5 {[%clk 00:00:43]} 43. Ke3 {[%clk 00:01:16]} {[%emt 00:00:05]} Kd8 {[%clk
00:00:35]} {[%emt 00:00:09]} 44. Kd3 {[%clk 00:01:15]} {[%emt 00:00:02]} Kc7
{[%clk 00:00:36]} {[%emt 00:00:02]} 45. Ba4 {[%clk 00:01:15]} {[%emt 00:00:01]}
Kd8 {[%clk 00:00:32]} {[%emt 00:00:06]} 46. g4 {[%clk 00:01:16]} {[%emt
00:00:03]} fxg4 {[%clk 00:00:27]} {[%emt 00:00:07]} 47. Ke4 {[%clk 00:01:17]}
g3 {[%clk 00:00:25]} {[%emt 00:00:04]} 48. fxg3 {[%clk 00:01:18]} g4 {[%clk
00:00:25]} {[%emt 00:00:02]} 49. Kxe5 {[%clk 00:01:19]} Ke7 {[%clk 00:00:25]}
{[%emt 00:00:02]} 50. Kf4 {[%clk 00:01:19]} {[%emt 00:00:01]} Kd8 {[%clk
00:00:26]} {[%emt 00:00:01]} 51. Kxg4 {[%clk 00:01:20]} {[%emt 00:00:02]} 1-0

[Event "Turniej Blitza na II Lidze Juniorów 2018"]
[Site "Szczyrk, Poland"]
[Date "2018.07.26"]
[Round "3.53"]
[White "Madajczak, Piotr"]
[Black "Franc, Piotr"]
[Result "1/2-1/2"]
[TimeControl "3'+2\""]
[WhiteElo "1380"]
[BlackElo "1135"]

1. e4 {[%clk 00:02:32]} {[%emt 00:00:32]} e6 {[%clk 00:03:03]} {[%emt
00:00:01]} 2. d4 {[%clk 00:02:33]} {[%emt 00:00:01]} d5 {[%clk 00:03:04]}
{[%emt 00:00:02]} 3. Nc3 {[%clk 00:02:34]} {[%emt 00:00:01]} Nf6 {[%clk
00:03:05]} 4. e5 {[%clk 00:02:34]} {[%emt 00:00:01]} Nfd7 {[%clk 00:03:06]} 5.
f4 {[%clk 00:02:31]} {[%emt 00:00:05]} c5 {[%clk 00:03:00]} {[%emt 00:00:08]} 6.
Nf3 {[%clk 00:02:32]} Nc6 {[%clk 00:03:01]} {[%emt 00:00:01]} 7. Be3 {[%clk
00:02:33]} {[%emt 00:00:01]} cxd4 {[%clk 00:03:01]} {[%emt 00:00:03]} 8. Nxd4
{[%clk 00:02:33]} Nxd4 {[%clk 00:02:53]} {[%emt 00:00:10]} 9. Bxd4 {[%clk
00:02:34]} Bc5 {[%clk 00:02:52]} {[%emt 00:00:03]} 10. Bxc5 {[%clk 00:02:34]}
{[%emt 00:00:02]} Nxc5 {[%clk 00:02:53]} {[%emt 00:00:01]} 11. Bd3 {[%clk
00:02:25]} {[%emt 00:00:11]} Qb6 {[%clk 00:02:43]} {[%emt 00:00:12]} 12. Rb1
{[%clk 00:02:10]} {[%emt 00:00:16]} Bd7 {[%clk 00:02:39]} {[%emt 00:00:07]} 13.
Qe2 {[%clk 00:01:53]} {[%emt 00:00:19]} Qb4 {[%clk 00:02:27]} {[%emt 00:00:15]}
14. a3 {[%clk 00:01:47]} {[%emt 00:00:07]} Qb6 {[%clk 00:02:25]} {[%emt
00:00:03]} 15. Bb5 {[%clk 00:01:24]} {[%emt 00:00:26]} Bxb5 {[%clk 00:02:21]}
{[%emt 00:00:05]} 16. Qxb5+ {[%clk 00:01:25]} {[%emt 00:00:01]} Qxb5 {[%clk
00:02:22]} {[%emt 00:00:02]} 17. Nxb5 {[%clk 00:01:26]} {[%emt 00:00:01]} O-O
{[%clk 00:02:15]} {[%emt 00:00:09]} 18. O-O {[%clk 00:01:24]} {[%emt 00:00:05]}
Ne4 {[%clk 00:02:16]} 19. c3 {[%clk 00:01:17]} {[%emt 00:00:08]} Nd2 {[%clk
00:02:17]} {[%emt 00:00:02]} 20. Rbd1 {[%clk 00:01:18]} {[%emt 00:00:01]} Nxf1
{[%clk 00:02:17]} {[%emt 00:00:02]} 21. Kxf1 {[%clk 00:01:18]} {[%emt
00:00:02]} a6 {[%clk 00:02:10]} {[%emt 00:00:10]} 22. Nd6 {[%clk 00:01:18]}
{[%emt 00:00:01]} b5 {[%clk 00:02:03]} {[%emt 00:00:09]} 23. Rd4 {[%clk
00:01:12]} {[%emt 00:00:08]} Rad8 {[%clk 00:01:52]} {[%emt 00:00:11]} 24. Ke2
{[%clk 00:01:03]} {[%emt 00:00:12]} f6 {[%clk 00:01:51]} {[%emt 00:00:03]} 25.
g3 {[%clk 00:00:54]} {[%emt 00:00:12]} fxe5 {[%clk 00:01:44]} {[%emt 00:00:09]}
26. fxe5 {[%clk 00:00:55]} g6 {[%emt 00:00:50]} 1/2-1/2

[Event "Turniej Blitza na II Lidze Juniorów 2018"]
[Site "Szczyrk, Poland"]
[Date "2018.07.26"]
[Round "3.67"]
[White "Musial, Kamila"]
[Black "Jedrzejewska, Zuzanna"]
[Result "0-1"]
[TimeControl "3'+2\""]
[WhiteElo "1045"]
[BlackElo "1194"]

1. e4 {[%clk 00:02:57]} {[%emt 00:00:07]} c5 {[%clk 00:03:04]} 2. Nf3 {[%clk
00:02:55]} {[%emt 00:00:03]} d6 {[%clk 00:03:05]} {[%emt 00:00:02]} 3. Nc3
{[%clk 00:02:56]} Nf6 {[%clk 00:03:04]} {[%emt 00:00:03]} 4. Bc4 {[%clk
00:02:56]} {[%emt 00:00:01]} e6 {[%clk 00:03:04]} {[%emt 00:00:02]} 5. d3
{[%clk 00:02:55]} {[%emt 00:00:03]} a6 {[%clk 00:03:06]} {[%emt 00:00:01]} 6.
O-O {[%clk 00:02:54]} {[%emt 00:00:02]} b5 {[%clk 00:03:07]} 7. Bb3 {[%clk
00:02:50]} {[%emt 00:00:07]} d5 {[%clk 00:02:59]} {[%emt 00:00:10]} 8. e5
{[%clk 00:02:41]} {[%emt 00:00:10]} Nfd7 {[%clk 00:02:56]} {[%emt 00:00:05]} 9.
a4 {[%clk 00:02:34]} {[%emt 00:00:09]} c4 {[%clk 00:02:45]} {[%emt 00:00:14]}
10. dxc4 {[%clk 00:02:34]} {[%emt 00:00:02]} bxc4 {[%clk 00:02:42]} {[%emt
00:00:05]} 11. Ba2 {[%clk 00:02:32]} {[%emt 00:00:04]} Be7 {[%clk 00:02:36]}
{[%emt 00:00:07]} 12. Re1 {[%clk 00:02:25]} {[%emt 00:00:09]} O-O {[%clk
00:02:31]} {[%emt 00:00:07]} 0-1

[Event "Turniej Blitza na II Lidze Juniorów 2018"]
[Site "Szczyrk, Poland"]
[Date "2018.07.26"]
[Round "3.22"]
[White "Topola, Rafal"]
[Black "Temel, Jan"]
[Result "0-1"]
[TimeControl "3'+2\""]
[WhiteElo "1244"]
[BlackElo "1796"]

1. e4 {[%emt 00:02:12]} d5 {[%emt 00:00:02]} 2. exd5 Nf6 3. d4 {[%emt
00:00:01]} Nxd5 4. c4 Nb6 5. Nf3 {[%emt 00:00:04]} g6 {[%emt 00:00:04]} 6. Nc3
{[%emt 00:00:08]} Bg7 {[%emt 00:00:02]} 7. c5 {[%emt 00:00:01]} Nd5 {[%emt
00:00:04]} 8. Bc4 {[%emt 00:00:01]} c6 {[%emt 00:00:08]} 9. O-O {[%emt
00:00:03]} O-O {[%emt 00:00:02]} 10. Re1 {[%emt 00:00:08]} Bg4 {[%emt
00:00:08]} 11. h3 {[%emt 00:00:03]} Bxf3 {[%emt 00:00:02]} 12. Qxf3 {[%emt
00:00:14]} e6 {[%emt 00:00:03]} 13. Qd1 {[%emt 00:00:20]} Nd7 {[%emt 00:00:03]}
14. Ne4 {[%emt 00:00:09]} N7f6 {[%emt 00:00:19]} 15. Nd6 {[%emt 00:00:04]} Qc7
{[%emt 00:00:01]} 16. Be3 {[%emt 00:00:09]} Ne8 {[%emt 00:00:15]} 17. Nxe8
{[%emt 00:00:07]} Rfxe8 {[%emt 00:00:03]} 18. Qd2 Rad8 {[%emt 00:00:09]} 19.
Bxd5 {[%emt 00:00:04]} Rxd5 {[%emt 00:00:02]} 20. Rad1 {[%emt 00:00:08]} Red8
21. Bf4 {[%emt 00:00:29]} Qc8 {[%emt 00:00:13]} 22. Bd6 {[%emt 00:00:44]} e5
{[%emt 00:00:22]} 23. Qc2 {[%emt 00:00:15]} exd4 {[%emt 00:00:06]} 24. Qc4
{[%emt 00:00:03]} Re8 {[%emt 00:00:06]} 25. Rxe8+ {[%emt 00:00:14]} Qxe8 {[%emt
00:00:01]} 26. Qb4 {[%emt 00:00:01]} b6 {[%emt 00:00:18]} 27. cxb6 axb6 {[%emt
00:00:01]} 28. Bf4 {[%emt 00:00:05]} Qd8 {[%emt 00:00:08]} 29. Re1 {[%emt
00:00:03]} c5 {[%emt 00:00:10]} 30. Qb3 {[%emt 00:00:02]} Rd7 {[%emt 00:00:04]}
31. a4 {[%emt 00:00:04]} d3 {[%emt 00:00:07]} 32. Rd1 Qf6 {[%emt 00:00:07]} 33.
Bc1 {[%emt 00:00:06]} Qd6 {[%emt 00:00:15]} 34. g3 {[%emt 00:00:09]} Bd4 35.
Rxd3 {[%emt 00:00:06]} Bxf2+ {[%emt 00:00:02]} 36. Kxf2 {[%emt 00:00:04]} Qxd3
37. Qxb6 {[%emt 00:00:05]} Qc2+ {[%emt 00:00:05]} 38. Kf3 Qxc1 {[%emt
00:00:07]} 39. Qb8+ Kg7 40. Qe5+ {[%emt 00:00:01]} f6 41. Qb8 {[%emt 00:00:03]}
Qf1+ {[%emt 00:00:02]} 42. Ke3 {[%emt 00:00:02]} Qg1+ {[%emt 00:00:04]} 43. Ke4
{[%emt 00:00:02]} Qd4+ {[%emt 00:00:01]} 44. Kf3 {[%emt 00:00:02]} Re7 {[%emt
00:00:05]} 45. Kg2 {[%emt 00:00:04]} Re2+ {[%emt 00:00:04]} 46. Kf3 {[%emt
00:00:01]} Qe3+ {[%emt 00:00:02]} 47. Kg4 h5+ {[%emt 00:00:03]} 48. Kh4 Qg5#
{[%emt 00:00:01]} 0-1

[Event "Turniej Blitza na II Lidze Juniorów 2018"]
[Site "Szczyrk, Poland"]
[Date "2018.07.26"]
[Round "3.6"]
[White "Marczuk, Dominik"]
[Black "Jaromin, Michal"]
[Result "0-1"]
[TimeControl "3'+2\""]
[WhiteElo "2112"]
[BlackElo "1641"]

1. e4 {[%clk 00:03:02]} {[%emt 00:00:01]} c5 {[%clk 00:03:04]} 2. Nf3 {[%clk
00:03:01]} {[%emt 00:00:03]} Nc6 {[%clk 00:03:05]} 3. Bb5 {[%clk 00:03:02]}
{[%emt 00:00:01]} e6 {[%clk 00:03:06]} {[%emt 00:00:01]} 4. O-O {[%clk
00:03:02]} {[%emt 00:00:02]} Nge7 {[%clk 00:03:07]} {[%emt 00:00:01]} 5. b3
{[%clk 00:02:23]} {[%emt 00:00:41]} a6 {[%clk 00:03:07]} {[%emt 00:00:02]} 6.
Bxc6 {[%clk 00:02:24]} Nxc6 {[%clk 00:03:08]} {[%emt 00:00:01]} 7. Bb2 {[%clk
00:02:25]} {[%emt 00:00:01]} d5 {[%clk 00:02:48]} {[%emt 00:00:22]} 8. exd5
{[%clk 00:02:13]} {[%emt 00:00:14]} exd5 {[%clk 00:02:49]} {[%emt 00:00:01]} 9.
d4 {[%clk 00:02:14]} {[%emt 00:00:01]} Be7 {[%clk 00:02:43]} {[%emt 00:00:08]}
10. dxc5 {[%clk 00:02:14]} {[%emt 00:00:01]} O-O {[%clk 00:02:44]} {[%emt
00:00:02]} 11. Nc3 {[%clk 00:01:44]} {[%emt 00:00:31]} Be6 {[%clk 00:02:43]}
{[%emt 00:00:04]} 12. Na4 {[%clk 00:01:38]} {[%emt 00:00:08]} Re8 {[%clk
00:02:33]} {[%emt 00:00:12]} 13. h3 {[%clk 00:01:39]} {[%emt 00:00:01]} h6
{[%clk 00:02:33]} {[%emt 00:00:02]} 14. Re1 {[%clk 00:01:40]} Qc7 {[%clk
00:02:21]} {[%emt 00:00:14]} 15. Qd2 {[%clk 00:01:07]} {[%emt 00:00:35]} Rad8
{[%clk 00:02:20]} {[%emt 00:00:03]} 16. Rad1 {[%clk 00:01:08]} {[%emt
00:00:01]} Bf8 {[%clk 00:01:45]} {[%emt 00:00:37]} 17. Nd4 {[%clk 00:00:41]}
{[%emt 00:00:30]} Nxd4 {[%clk 00:01:31]} {[%emt 00:00:15]} 18. Qxd4 {[%clk
00:00:42]} {[%emt 00:00:01]} Bf5 {[%clk 00:01:26]} {[%emt 00:00:07]} 19. Rxe8
{[%clk 00:00:35]} {[%emt 00:00:09]} Rxe8 {[%clk 00:01:27]} {[%emt 00:00:01]} 20.
Qxd5 {[%clk 00:00:16]} {[%emt 00:00:21]} Bxc2 {[%clk 00:01:27]} {[%emt
00:00:02]} 21. Rc1 {[%clk 00:00:18]} Be4 {[%clk 00:01:24]} {[%emt 00:00:05]} 22.
Qd4 {[%clk 00:00:19]} {[%emt 00:00:01]} Bc6 {[%clk 00:01:23]} {[%emt 00:00:03]}
23. Nb6 {[%clk 00:00:19]} {[%emt 00:00:01]} Qe7 {[%clk 00:01:12]} {[%emt
00:00:14]} 24. Nd5 {[%clk 00:00:18]} {[%emt 00:00:04]} Qg5 {[%clk 00:01:12]}
{[%emt 00:00:01]} 25. Ne3 {[%clk 00:00:15]} {[%emt 00:00:05]} Rxe3 {[%clk
00:01:01]} {[%emt 00:00:13]} 26. g3 {[%clk 00:00:07]} {[%emt 00:00:10]} Re4
{[%clk 00:00:33]} {[%emt 00:00:29]} 27. Qd3 {[%clk 00:00:06]} {[%emt 00:00:03]}
Qe7 {[%clk 00:00:32]} {[%emt 00:00:03]} 28. Qd2 {[%clk 00:00:04]} {[%emt
00:00:05]} Re2 {[%clk 00:00:33]} {[%emt 00:00:02]} 29. Qc3 {[%clk 00:00:04]}
{[%emt 00:00:01]} Qe4 {[%clk 00:00:30]} {[%emt 00:00:05]} 30. f3 {[%clk
00:00:05]} {[%emt 00:00:01]} Bxc5+ {[%clk 00:00:16]} {[%emt 00:00:16]} 31. Qxc5
{[%clk 00:00:05]} {[%emt 00:00:02]} Qxf3 {[%clk 00:00:17]} {[%emt 00:00:01]}
0-1

[Event "Turniej Blitza na II Lidze Juniorów 2018"]
[Site "Szczyrk, Poland"]
[Date "2018.07.26"]
[Round "3.35"]
[White "Twardowski, Hubert"]
[Black "Wesolowski, Jeremi"]
[Result "1-0"]
[TimeControl "3'+2\""]
[WhiteElo "1542"]
[BlackElo "1267"]

1. e4 {[%emt 00:02:19]} c6 {[%emt 00:00:01]} 2. d4 d5 {[%emt 00:00:01]} 3. Nc3
{[%emt 00:00:01]} Nf6 {[%emt 00:00:04]} 4. e5 {[%emt 00:00:03]} Nfd7 {[%emt
00:00:02]} 5. f4 {[%emt 00:00:01]} e6 {[%emt 00:00:03]} 6. Be3 {[%emt
00:00:01]} c5 {[%emt 00:00:02]} 7. Nce2 {[%emt 00:00:02]} Qb6 {[%emt 00:00:05]}
8. Qc1 {[%emt 00:00:06]} Nc6 {[%emt 00:00:02]} 9. c3 Be7 {[%emt 00:00:04]} 10.
Nf3 O-O {[%emt 00:00:03]} 11. Ng3 {[%emt 00:00:06]} f6 {[%emt 00:00:07]} 12.
Bd3 {[%emt 00:00:05]} f5 {[%emt 00:00:03]} 13. O-O {[%emt 00:00:04]} c4 {[%emt
00:00:13]} 14. Bb1 {[%emt 00:00:08]} Bd8 {[%emt 00:00:17]} 15. Qd2 {[%emt
00:00:12]} Ne7 {[%emt 00:00:02]} 16. Qf2 {[%emt 00:00:03]} Ng6 {[%emt
00:00:04]} 17. Bc1 {[%emt 00:00:05]} Be7 {[%emt 00:00:13]} 18. Kh1 {[%emt
00:00:05]} Qb5 {[%emt 00:00:06]} 19. Rg1 {[%emt 00:00:05]} Nb6 {[%emt
00:00:04]} 20. h3 {[%emt 00:00:34]} Qe8 {[%emt 00:00:08]} 21. Ne2 {[%emt
00:00:07]} Bd7 {[%emt 00:00:36]} 22. g3 {[%emt 00:00:19]} Qf7 {[%emt 00:00:09]}
23. Bc2 {[%emt 00:00:02]} Bc6 {[%emt 00:00:11]} 24. Rg2 {[%emt 00:00:02]} Rac8
{[%emt 00:00:05]} 25. Bd2 {[%emt 00:00:02]} Nd7 {[%emt 00:00:08]} 26. Rag1
{[%emt 00:00:02]} Nb6 {[%emt 00:00:37]} 27. Rh2 {[%emt 00:00:01]} Rb8 {[%emt
00:00:02]} 28. g4 {[%emt 00:00:01]} Rbc8 {[%emt 00:00:03]} 29. gxf5 {[%emt
00:00:04]} exf5 30. h4 {[%emt 00:00:39]} Nh8 31. Rhg2 {[%emt 00:00:03]} g6
{[%emt 00:00:02]} 32. Ng5 {[%emt 00:00:05]} Bxg5 {[%emt 00:00:03]} 33. hxg5
{[%emt 00:00:04]} Na4 {[%emt 00:00:02]} 34. Bc1 {[%emt 00:00:04]} Nb6 {[%emt
00:00:03]} 35. Rh2 Rcd8 {[%emt 00:00:02]} 36. Rh4 {[%emt 00:00:07]} Ra8 {[%emt
00:00:02]} 37. Rg3 {[%emt 00:00:02]} a5 {[%emt 00:00:01]} 38. Rgh3 {[%emt
00:00:02]} 1-0

[Event "Turniej Blitza na II Lidze Juniorów 2018"]
[Site "Szczyrk, Poland"]
[Date "2018.07.26"]
[Round "3.17"]
[White "Dytman, Radoslaw"]
[Black "Wiszniewski, Szymon"]
[Result "1-0"]
[TimeControl "3'+2\""]
[WhiteElo "1841"]
[BlackElo "1391"]

1. e4 {[%clk 00:03:02]} {[%emt 00:00:01]} c5 {[%clk 00:03:04]} 2. Nf3 {[%clk
00:03:02]} {[%emt 00:00:02]} d6 {[%clk 00:03:05]} {[%emt 00:00:01]} 3. d4
{[%clk 00:03:03]} cxd4 {[%emt 00:00:01]} 4. Nxd4 {[%clk 00:03:04]} Nf6 {[%clk
00:03:08]} {[%emt 00:00:01]} 5. Nc3 {[%clk 00:03:05]} a6 {[%clk 00:03:09]} 6.
Be2 {[%clk 00:02:59]} {[%emt 00:00:08]} e5 {[%clk 00:03:09]} {[%emt 00:00:02]}
7. Nb3 {[%clk 00:03:01]} Be7 {[%clk 00:03:10]} 8. Be3 {[%clk 00:03:01]} b5
{[%clk 00:03:04]} {[%emt 00:00:08]} 9. a3 {[%clk 00:03:02]} {[%emt 00:00:02]}
O-O {[%clk 00:03:03]} {[%emt 00:00:02]} 10. g4 {[%clk 00:03:01]} {[%emt
00:00:04]} Be6 {[%clk 00:02:59]} {[%emt 00:00:06]} 11. g5 {[%clk 00:02:59]}
{[%emt 00:00:03]} Nfd7 {[%clk 00:02:57]} {[%emt 00:00:05]} 12. h4 {[%clk
00:03:00]} f5 {[%clk 00:02:53]} {[%emt 00:00:06]} 13. exf5 {[%clk 00:02:51]}
{[%emt 00:00:10]} Rxf5 {[%clk 00:02:48]} {[%emt 00:00:07]} 14. Bg4 {[%clk
00:02:50]} {[%emt 00:00:03]} g6 {[%clk 00:02:26]} {[%emt 00:00:25]} 15. Bxf5
{[%clk 00:02:48]} {[%emt 00:00:04]} Bxf5 {[%clk 00:02:27]} {[%emt 00:00:01]} 16.
Qd5+ {[%clk 00:02:49]} Kh8 {[%clk 00:02:27]} {[%emt 00:00:02]} 17. Qxa8 {[%clk
00:02:49]} {[%emt 00:00:02]} Qc7 {[%clk 00:02:23]} {[%emt 00:00:05]} 18. Qf3
{[%clk 00:02:17]} {[%emt 00:00:34]} Nc6 {[%clk 00:02:20]} {[%emt 00:00:06]} 19.
Nd5 {[%clk 00:02:17]} {[%emt 00:00:02]} Qd8 {[%clk 00:02:19]} {[%emt 00:00:03]}
20. Nxe7 {[%clk 00:02:16]} {[%emt 00:00:03]} Nxe7 {[%clk 00:02:20]} {[%emt
00:00:01]} 21. c3 {[%clk 00:01:52]} {[%emt 00:00:26]} d5 {[%clk 00:02:19]}
{[%emt 00:00:03]} 22. Qe2 {[%clk 00:01:40]} {[%emt 00:00:13]} e4 {[%clk
00:02:16]} {[%emt 00:00:06]} 23. Nd4 {[%clk 00:01:31]} {[%emt 00:00:10]} Ne5
{[%clk 00:02:14]} {[%emt 00:00:04]} 24. f4 {[%clk 00:00:38]} {[%emt 00:00:55]}
Nd3+ {[%clk 00:02:06]} {[%emt 00:00:10]} 25. Kd2 {[%clk 00:00:37]} {[%emt
00:00:03]} Nxb2 {[%clk 00:01:51]} {[%emt 00:00:18]} 26. Nxf5 {[%clk 00:00:26]}
{[%emt 00:00:13]} Nc4+ {[%clk 00:01:46]} {[%emt 00:00:07]} 27. Kc2 {[%clk
00:00:23]} {[%emt 00:00:05]} Nxf5 {[%clk 00:01:47]} {[%emt 00:00:01]} 28. Bd4+
{[%clk 00:00:24]} {[%emt 00:00:01]} Kg8 {[%clk 00:01:31]} {[%emt 00:01:30]} 29.
h5 {[%clk 00:01:14]} {[%emt 00:00:08]} Ng3 {[%clk 00:01:28]} {[%emt 00:00:05]}
30. Qg4 {[%clk 00:01:12]} {[%emt 00:00:04]} Nxh1 {[%clk 00:01:25]} {[%emt
00:00:05]} 31. Qe6+ {[%clk 00:01:01]} {[%emt 00:00:13]} Kf8 {[%clk 00:01:23]}
{[%emt 00:00:04]} 32. Rxh1 {[%clk 00:00:56]} {[%emt 00:00:07]} Nxa3+ {[%clk
00:01:23]} {[%emt 00:00:02]} 33. Kc1 {[%clk 00:00:56]} {[%emt 00:00:01]} Nc4
{[%clk 00:01:21]} {[%emt 00:00:05]} 34. hxg6 {[%clk 00:00:44]} {[%emt
00:00:14]} 1-0